000 00515nam a2200181 i 4500
001 49880
003 ES-MaACL
005 20230906162058.0
007 t|
008 030724s1969 sp ||||1| spa d
100 1 _aCrankshaw, Edward.
_941445
245 1 0 _aKruschev /
_cEdward Crankshaw ; [traducción, Eduardo de Salas].
250 _a[1ª ed.].
260 _aBarcelona :
_bNoguer,
_c[1969]
300 _a270 p., 8 lám. ;
_c21 cm.
700 1 _aSalas, Eduardo.
_9101726
852 _aES-MaACL
_jC-38854
_bR.70379
999 _c49880
_d49880